Aplikačné možnosti digitálnych technológií v personálnom manažmente diplomová práca

Enregistré dans:
Détails bibliographiques
Auteur principal: Podgórski, Adam
Collectivité auteur: Fakulta podnikového manažmentu EU. Katedra manažmentu
Autres auteurs: Szarková, Miroslava, 1951-
Format: Livre
Langue:slovaque
Publié: Bratislava 2018
Tags: Ajouter un tag
Pas de tags, Soyez le premier à ajouter un tag!

MARC

LEADER 00000nbm a2200000 4500
001 0244977
005 20180920131552.4
041 0 |a slo 
044 |a SK 
245 1 0 |a Aplikačné možnosti digitálnych technológií v personálnom manažmente  |b diplomová práca  |c Adam Podgórski ; školiteľ: Miroslava Szarková 
264 1 |a Bratislava  |c 2018 
300 |a 76 s. 
100 1 |a Podgórski, Adam 
700 1 |a Szarková, Miroslava, 1951- 
710 2 |a Fakulta podnikového manažmentu EU. Katedra manažmentu